| 000 | 00716cam a2200241u 4500 | ||
|---|---|---|---|
| 001 | 20497 | ||
| 003 | BD-RjUL | ||
| 005 | 20211209000555.0 | ||
| 008 | 140301s1947 enk 000 0 eng d | ||
| 035 | _a(BD-RjUL)20559 | ||
| 040 |
_aDLC _cCarP _dDLC _dBD-RjUL _beng |
||
| 041 | _aeng | ||
| 082 | 0 | 4 |
_a829.9 _bAEL 1947 |
| 245 | 0 | 0 |
_aÆlfric's Colloquy / _cEd. By G. N Garnonsway |
| 260 |
_aLondon : _bMethuen & co., _c1947 |
||
| 300 |
_aix,65p. ; _c17cm. |
||
| 650 | 0 |
_aEnglish language _yOld English, ca. 450-1100 _xReaders. _963206 |
|
| 700 | 1 |
_aGarmonsway, George Norman, [from old catalog] _eed. _963207 |
|
| 740 | 0 | _aColloquy. | |
| 942 |
_2ddc _cBK |
||
| 999 |
_c20497 _d20497 |
||